It looks like you're offline.
Open Library logo
additional options menu

MARC record from Internet Archive

LEADER: 03138cam 2200481 i 4500
001 ocm01103183
003 OCoLC
005 20180127033138.0
008 741105s1975 nyuc j b 001 0 eng
010 $a 74026819
040 $aDLC$beng$cDLC$dOCLCQ$dBTCTA$dOCLCG$dDEBBG$dOCLCA$dOCLCO$dOCLCF$dOCLCQ$dOCLCO$dMNJ
020 $a0690004621
020 $a9780690004625
035 $a(OCoLC)1103183
042 $alcac
043 $an-us---
050 00 $aE185.97.D73$bA25 1975
082 00 $a301.45/19/6073
084 $aMS 3450$2rvk
100 1 $aDu Bois, W. E. B.$q(William Edward Burghardt),$d1868-1963.
245 14 $aThe writings of W.E.B. Du Bois /$cedited by Virginia Hamilton.
260 $aNew York :$bCrowell,$c[1975]
300 $axiv, 298 pages :$bportrait ;$c21 cm
336 $atext$btxt$2rdacontent
337 $aunmediated$bn$2rdamedia
338 $avolume$bnc$2rdacarrier
520 $aA selection of essays, articles, speeches, and excerpts from other writings by W.E.B. Du Bois recording his views on a variety of social injustices.
504 $aIncludes bibliographical references (pages 281-284) and index.
505 00 $gThe rise of Black liberation, 1890-1909.$tI am glad I am living --$tThe Negro is here to stay --$tThe song of the smoke --$tOf our spiritual strivings --$tOf the meaning of progress --$tOf the Black Belt --$tThe talented tenth --$tCredo --$tDu Bois launches Niagara Movement, 1905 --$tDu Bois Niagara address, 1906 --$tSocialist of the path --$tNegro and socialism --$tLetter to Miss Moore --$tAshamed --$tOn being crazy --$tAfrica and America --$tThe making of the man --$gThe Black protest movement, 1910-1934.$tThe crisis --$tThe children's number --$tHail Columbia! --$tPeace --$tThe fruit of the tree --$tFree, White and twenty-one --$tThe story of Africa --$tOf the children of peace --$tEducation --$tThe immediate program of the American Negro --$tBooker T. Washington --$tAgain, social equality --$tThe Amenia conference --$tThe shadow of years --$tSegregation --$gThe world peace and freedom movement, 1935-$tBack toward slavery --$tThe White world --$tRevolution --$tComments on my life --$tBehold the land --$tThe White masters of the world
505 00 $g(Cont.)$tTrial and aquittal --$tInterpretations --$tOn the future of the American Negro --$tThe American Negro and the darker world --$tChina --$tPostlude --$tLast message of Dr. Du Bois to the world.
651 0 $aUnited States$xRace relations$vJuvenile literature.
650 1 $aRace relations.
650 1 $aSocial problems.
650 7 $aRace relations.$2fast$0(OCoLC)fst01086509
651 7 $aUnited States.$2fast$0(OCoLC)fst01204155
655 7 $aJuvenile works.$2fast$0(OCoLC)fst01411637
700 1 $aHamilton, Virginia,$d1934-2002,$eeditor.
776 08 $iOnline version:$aDu Bois, W.E.B. (William Edward Burghardt), 1868-1963.$tWritings of W.E.B. Du Bois.$dNew York : Crowell, [1975]$w(OCoLC)679457933
938 $aBaker and Taylor$bBTCP$n74026819$c$5.95
029 1 $aDEBBG$bBV003206802
029 1 $aAU@$b000053327420
994 $aZ0$bPMR
948 $hNO HOLDINGS IN PMR - 371 OTHER HOLDINGS